header

Whores and highwaymen (Record no. 23412)

MARC details
000 -LEADER
fixed length control field 01344nam a2200313Ia 4500
100 1# - MAIN ENTRY--AUTHOR NAME
Personal name Durston, Gregory.
245 10 - TITLE STATEMENT
Title Whores and highwaymen
260 ## - PUBLICATION, DISTRIBUTION, ETC. (IMPRINT)
Place of publication Hook, Hampshire :
Name of publisher Waterside Press,
Year of publication 2012.
300 ## - PHYSICAL DESCRIPTION
Number of Pages 668 p. :
Other physical details ill. (some col.)
650 #0 - SUBJECT ADDED ENTRY--TOPICAL TERM
Topical Term Crime
Topical Term Criminal justice, Administration of
856 40 - ELECTRONIC LOCATION AND ACCESS
Uniform Resource Identifier http://site.ebrary.com/lib/rucke/Doc?id=10696093

No items available.

© 2026 Rongo University
Contact us: librarian | system librarian | Rongo university